00322nam a2200133Ia 4500008004100000100003500041245002600076250001200102260003000114300000800144650001400152942000700166999001500173190216s9999||||xx |||||||||||||| ||und|| aEllsworth Pt And Clark Leith J 0aInternational Economy a1st Ed. bMacmillan India Ltdc1975 a564 aEconomics cBK c9487d9487